Normal view
MARC view
- الاقتصاد -- قوانين وتشريعات -- مصر-- المحاكم التجارية -- مصر-- القانون التجاري -- مصر
Entry Topical Term
001 - CONTROL NUMBER
- control field: 32846
003 - CONTROL NUMBER IDENTIFIER
- control field: JO-AjAnu
005 - DATE AND TIME OF LATEST TRANSACTION
- control field: 20230606075521.0
008 - FIXED-LENGTH DATA ELEMENTS
- fixed length control field: 230606|| aca||aabn | a|a d
040 ## - CATALOGING SOURCE
- Original cataloging agency: JO-AjAnu
- Transcribing agency: JO-AjAnu
150 ## - HEADING--TOPICAL TERM
- Topical term or geographic name entry element: الاقتصاد -- قوانين وتشريعات -- مصر-- المحاكم التجارية -- مصر-- القانون التجاري -- مصر
670 ## - SOURCE DATA FOUND
- Source citation: Work cat.: (JO-AjAnu)16874: الرافعى ، اميرة حسن, author 32845, موسوعة التشريعات الاقتصادية العربية : المحاكم الاقتصادية ، قوانين وتشريعات - قوانين حماية المستهلك